| 000 | 00504nam a2200169Ia 4500 | ||
|---|---|---|---|
| 999 |
_c36335 _d36335 |
||
| 003 | OSt | ||
| 005 | 20200612143351.0 | ||
| 008 | 190216s9999||||xx |||||||||||||| ||und|| | ||
| 020 | _a8120718070 | ||
| 040 | _coclc | ||
| 082 |
_a079.54 _bPAR/J |
||
| 100 |
_aParthasarathy, Rangaswami _92855 |
||
| 245 | 0 |
_aJournalism In India / _cRangaswami Parthasarathy |
|
| 260 |
_bSterling Publications, _c1995. _aNew Delhi: |
||
| 300 | _a344p | ||
| 942 |
_cREF _2ddc _h079.54 _iPAR/J _k079.54 _mPAR/J |
||